INSTITUTIONAL ARBITRATION VIS-AVIS -ARBITRATION : CHALLENGE & PROSPECTS (Record no. 26649)

MARC details
000 -LEADER
fixed length control field 00343nam a22001457a 4500
003 - CONTROL NUMBER IDENTIFIER
control field SGT
082 ## - DEWEY DECIMAL CLASSIFICATION NUMBER
Classification number 344
Item number SIN
100 ## - MAIN ENTRY--PERSONAL NAME
Personal name SINGH, AZAD
245 ## - TITLE STATEMENT
Title INSTITUTIONAL ARBITRATION VIS-AVIS -ARBITRATION : CHALLENGE & PROSPECTS
260 ## - PUBLICATION, DISTRIBUTION, ETC. (IMPRINT)
Place of publication, distribution, etc GURUGRAM
Name of publisher, distributor, etc SGT UNIVERSITY
Year of Publication 2023
300 ## - PAGE DESCRIPTION
No. of Pages 249
650 ## - SUBJECT ADDED ENTRY--TOPICAL TERM
Topical term or geographic name as entry element LAW
653 ## - KEYWORDS--INDEX TERM
Keyword term PHD
942 ## - ADDED ENTRY ELEMENTS (KOHA)
Source of classification or shelving scheme Dewey Decimal Classification
Koha item type Thesis/Dissertation
Holdings
Withdrawn status Lost status Source of classification or shelving scheme Damaged status Use restrictions Not for loan Home library Current library Shelving location Date acquired Total Checkouts Full call number Accession No. (Barcode) Date last seen Bill Date Koha item type
    Dewey Decimal Classification   Restricted Access Not For Loan SGT Medical Library SGT Medical Library Reference Book 28/06/2024   344 SIN DT2007 28/06/2024 28/06/2024 Thesis/Dissertation
    Dewey Decimal Classification   Restricted Access Not For Loan SGT Medical Library SGT Medical Library Reference Book 28/06/2024   344 SIN DT2008 28/06/2024 28/06/2024 Thesis/Dissertation